LEADER 02660nam 2200481Ia 450 001 9910462775703321 005 20200520144314.0 010 $a1-921833-20-3 035 $a(CKB)2670000000299153 035 $a(EBL)1080960 035 $a(OCoLC)794003221 035 $a(MiAaPQ)EBC1080960 035 $a(Au-PeEL)EBL1080960 035 $a(CaPaEBR)ebr10632062 035 $a(EXLCZ)992670000000299153 100 $a20121220d2012 uy 0 101 0 $aeng 135 $aur|n|---||||| 200 10$aBugs alive$b[electronic resource] $ea guide to keeping Australian invertebrates /$fAlan Henderson, Deanna Henderson and Jessie Sinclair 210 $aMelbourne, VIC $cMuseum Victoria$d2012 215 $a1 online resource (200 p.) 300 $aDescription based upon print version of record. 311 $a0-9758370-8-7 320 $aIncludes bibliographical references and index. 327 $aContents; Amazing Australian bugs; Where do I get bugs?; What are bugs?; How to use this book; Care Guides; Ants; Beetles; Butterflies and moths; Cockroaches; Crickets and katydids; Grasshoppers; Mantids; Phasmids; True bugs; Wasps; Primitive spiders; Scorpions; Centipedes; Millipedes; Snails and slugs; Housing; Escape prevention; Temperature; Humidity; Lighting; Substrates; Enclosure fit-out; Food and water; Food; Water; Health; Why is my bug sick?; Quarantine; Diseases; Parasites; Physical injuries; Stress; Deficiencies in captivity; Emergency food; Effects of aging; Euthanasia 327 $aDisplay your invertebratesTips for creating good displays; Gypsum cement; Polystyrene and epoxyresin; Acknowledgements; Authors; Glossary; Index 330 $aThis exciting new title is the first book on keeping Australian invertebrates; previously, only titles on European or American species were available. Bugs Alive contains detailed descriptions (life-cycle, breeding, feeding) of over 90 species, as well as detailed instructions for housing and caring for your bug. Stunning colour photographs and line-art are used extensively throughout the book to display and describe animals and their anatomy, as well as to depict construction of housing and environment. 606 $aInvertebrates$zAustralia 606 $aAnimals$zAustralia 608 $aElectronic books. 615 0$aInvertebrates 615 0$aAnimals 676 $a595.0994 700 $aHenderson$b Alan$0997728 701 $aHenderson$b Deanna$0997729 701 $aSinclair$b Jessie$0997730 801 0$bMiAaPQ 801 1$bMiAaPQ 801 2$bMiAaPQ 906 $aBOOK 912 $a9910462775703321 996 $aBugs alive$92288140 997 $aUNINA LEADER 01917oas 2200673 a 450 001 9910229161803321 005 20251105213014.0 035 $a(OCoLC)664265023 035 $a(CONSER) 2010200120 035 $a(CKB)2320000000018589 035 $a(EXLCZ)992320000000018589 100 $a20100916a20099999 uy a 101 0 $aeng 135 $aur||||||||||| 181 $ctxt$2rdacontent 182 $cc$2rdamedia 183 $acr$2rdacarrier 200 00$aAmerican University's legislation & policy brief 210 $aWashington, DC $cAmerican University, Washington College of Law 311 08$a2157-4111 517 1 $aAmerican University's legislation and policy brief 517 1 $aLegislation & policy brief 517 1 $aLegislation and policy brief 517 1 $aLPB 517 1 $aLegis. & pol'y brief 606 $aLegislation$zUnited States$vPeriodicals 606 $aLegislation$2fast$3(OCoLC)fst00995636 606 $aPolitics and government$2fast$3(OCoLC)fst01919741 607 $aUnited States$xPolitics and government$vPeriodicals 607 $aUnited States$2fast$1https://id.oclc.org/worldcat/entity/E39PBJtxgQXMWqmjMjjwXRHgrq 608 $aPeriodicals.$2fast 608 $aPeriodicals.$2lcgft 615 0$aLegislation 615 7$aLegislation. 615 7$aPolitics and government 676 $a320 712 02$aWashington College of Law. 801 0$bDLC 801 1$bDLC 801 2$bOCLCQ 801 2$bCLU 801 2$bOCLCF 801 2$bOCLCO 801 2$bOCL 801 2$bOCLCO 801 2$bOCLCQ 801 2$bOCLCA 801 2$bYOR 801 2$bBWN 801 2$bOCLCQ 801 2$bTXQ 801 2$bOCLCL 801 2$bOCLCQ 801 2$bOCLCL 801 2$bOCLCQ 906 $aJOURNAL 912 $a9910229161803321 996 $aAmerican University's legislation & policy brief$92582219 997 $aUNINA